000 00216nam a2200097Ia 4500
999 _c13724
_d13724
082 _aRR 010 BRE
245 0 _aEssays on bibliography
260 _aMetuchen
_bScarecrow, N.J.
_c1975
300 _aviii, 552p.
942 _cBK